BlackPink song quiz! - Statistics

General Stats
  • This quiz has been taken 77 times
  • The average score is 11 of 15
Answer Stats
Hint Answer % Correct
Been a bad girl I know I am Boombayah
94%
We're still looking for love Lovesick girls
90%
My love is on fire(ooh) Now burn baby burn. Playing with fire
90%
Kick in the door we in the coco. Pink venom
89%
Pedal we go two-zero-five Shut down
87%
Got me all messed up his love made me crazy Kill this love.
79%
Its another banger. DDU-DU-DDU-DU.
76%
I've been known to kiss and tell Crazy over you
74%
Every day, Every night I've been thinking back on you and I On the ground
73%
I'ma do it on my own now SOLO
73%
Another story that's sad and true Gone
69%
When the store says sign for it imma leave my autograph Money
66%
Mess with us you messed up. The girls
63%
Im super psycho, make you crazy when I turn the lights low Sour candy
58%
Find it hard to trust Hard to love
53%
No matching quizzes found
Score Distribution
Percent of People with Each Score
Percentile by Number Answered
Your Score History
You have not taken this quiz